| 000 | 00574nam a2200193Ia 4500 | ||
|---|---|---|---|
| 005 | 20250326144944.0 | ||
| 008 | 250326s9999 xx 000 0 und d | ||
| 020 | _a81-7629-435-7 | ||
| 037 | _aTextbook | ||
| 040 |
_aFMSL _beng _cFMSL |
||
| 041 |
_aeng _2eng |
||
| 084 |
_aX:95.44 P3 _qFMSL |
||
| 100 | _aArya P P | ||
| 245 | 0 |
_aEconomic reforms in India : form first to second generation and beyond _cArya P P; Tandon B B |
|
| 260 |
_aNew Delhi _bNew Delhi, Deep & Deep _c2003 |
||
| 300 | _a670p | ||
| 942 |
_cTB _hX:95.44 P3 |
||
| 999 |
_c1305788 _d1305788 |
||